An Analysis of roof-pillar-weak floor interaction in partial extraction room-and-pillar mining /

Bibliographic Details
Main Author: Pytel, W. M.
Corporate Authors: Illinois State Geological Survey, Illinois Mine Subsidence Research Program
Other Authors: Chugh, Yoginder P.
Format: Book
Language:English
Published: Champaign, Ill. : Illinois Mine Subsidence Research Program, Illinois State Geological Survey, 1990.
Series:IMSRP reprint ; 1990-4.
Subjects:

MARC

Tag First Indicator Second Indicator Subfields
LEADER 00000cam a2200000 a 4500
001 in00001403899
005 20151020054238.0
008 901017r19901989ilua b s000 0 eng d
035 |a (OCoLC)22527153 
035 |9 AHN0865AM 
040 |a JNA  |c JNA  |d SEM  |d UtOrBLW 
043 |a n-us-il 
049 |a TXAM 
090 |a TN289.3  |b .P974 1990 
092 0 |a 622.33  |b P999a  |2 20 
100 1 |a Pytel, W. M. 
245 1 3 |a An Analysis of roof-pillar-weak floor interaction in partial extraction room-and-pillar mining /  |c W.M. Pytel, Y.P. Chugh. 
264 1 |a Champaign, Ill. :  |b Illinois Mine Subsidence Research Program, Illinois State Geological Survey,  |c 1990. 
300 |a pages 621-628 :  |b illustrations ;  |c 28 cm. 
336 |a text  |b txt  |2 rdacontent 
337 |a unmediated  |b n  |2 rdamedia 
338 |a volume  |b nc  |2 rdacarrier 
490 1 |a IMSRP Reprint ;  |v 1990-4 
500 |a Cover title. 
504 |a Includes bibliographical references (pages 626-627). 
500 |a "Reprinted from: Khair, A. Wahab (editor), Rock mechanics as a guide for efficient utilization of natural resources - Proceedings of the 30th U.S. Symposium, West Virginia, 19-22.06.1989." 
650 0 |a Mine roof control. 
650 0 |a Coal mines and mining  |z Illinois  |x Safety measures. 
700 1 |a Chugh, Yoginder P. 
710 2 |a Illinois State Geological Survey. 
710 2 |a Illinois Mine Subsidence Research Program. 
830 0 |a IMSRP reprint ;  |v 1990-4. 
999 |a MARS 
999 f f |s 04d3c212-ea84-3839-bf0d-4f183aa2e524  |i 6e2b5268-ce11-30a6-96b7-743783457451  |t 0 
952 f f |p ric  |a Texas A&M University  |b Rellis Campus  |c Joint Library Facility  |d Remote Storage  |t 0  |e TN289.3 .P974 1990  |h Library of Congress classification  |i unmediated -- volume  |m A14812301168 
998 f f |a TN289.3 .P974 1990  |t 0  |l Remote Storage